| 000 | 00756cam a2200241 a 4500 | ||
|---|---|---|---|
| 001 | 29431 | ||
| 003 | BD-RjUL | ||
| 005 | 20211209051419.0 | ||
| 008 | 140403r19611949enk b 001 0 eng d | ||
| 035 | _a(BD-RjUL)29516 | ||
| 040 |
_aBOS _cBOS _beng _dBD-RjUL |
||
| 041 | _aeng | ||
| 082 | 0 | 4 |
_a150 _bWOP 1961 |
| 100 | 1 |
_aWoodworth, Robert Sessions, _d1869-1962. _989352 |
|
| 245 | 1 | 0 |
_aPsychology / _cby Robert S. Woodworth and Donald G. Marquis. |
| 250 | _a20th ed. | ||
| 260 |
_aLondon : _bMethuen, _c1949 [Reprinted 1955, 1961]. |
||
| 300 |
_axiii, 674 p. : _bill. ; _c19 cm. |
||
| 504 | _aIncludes bibliographical references and index. | ||
| 650 | 0 |
_aPsychology. _989734 |
|
| 700 | 1 |
_aMarquis, Donald G. _q(Donald George). _989354 |
|
| 942 |
_2ddc _cBK _02 |
||
| 999 |
_c29431 _d29431 |
||